000 00475nam a2200169Ia 4500
003 OSt
005 20201013101847.0
008 151021s9999 xx 000 0 und d
040 _aMMU
_beng
_cMMU
_dMMU
050 _aBS 192 .A1.N4 1961
245 _aThe new english bible new testament /
260 _aGreat Britain:
_bOxford university,
_c1961.
300 _axiii, 446 p. :
650 _a_Acts of apostle
942 _2lcc
_cREFERENCE
980 _a^d20110404 12:26:57^oanne
999 _c7018
_d7018